000 00687cab a2200205 4500
001 ABS60683
008 090401t1999 xxu||||| |||| 00| 0 eng d
035 _a(Sirsi) u93831
041 _aeng
245 _aHave a mind to pass
260 _c1999
350 _a0
490 _aEstates Gazette
_v(917) 1 May 1999, 120-121(2)
520 _aA mainly for students article giving guidance to candidates in the general practice division who are near final assessment. Describes each stage and how to prepare for the interview.
650 _aAPC INTERVIEWS
650 _aAPC
_96216
690 _aMANAGEMENT-BUSINESS MANAGEMENT-PROFESSIONAL PRACTICE
942 _n0
948 _c09/06/1999
999 _c59468
_d59468